Cinéma : Quiz sur le studio Ghibli - Statistiques

Statistiques générales
  • Ce quiz a été pris 627 fois
  • Le résultat moyen est 11 sur 22
Statistiques - réponses
Question Réponse % Correct
Quelle créature emblématique forme le logo du studio ? Totoro
98%
En quoi sont changés les parents de Chihiro peu après leur arrivée dans le mondedes esprits ? En porcs
95%
Qui possède un chat nommé Jiji ? Kiki la petite sorcière
90%
Quel moyen de transport "animal" peut-on voir dans Mon voisin Totoro ? Chat-bus
75%
Et comment se nomme le démon du feu qui fait fonctionner ce même château ? Calcifer
69%
Quel film est inspiré de la vie de l'ingénieur en aéronautique Jirō Horikoshi,concepteur des chasseurs bombardiers Mitsubishi A6M « Zéro » ? Le vent se lève
59%
Qui sont les cofondateurs du studio Ghibli ? Hayao Miyazaki
56%
Comme se nomme l'île flottant dans le ciel, dans Le Château dans le Ciel ? Laputa
56%
Quelle princesse fut découverte dans une tige de bambou ? La princesse Kaguya
55%
Quel magicien est le maître du Château ambulant ? Hauru
52%
Dans quel film peut on voir des perruches géantes mangeuses d'hommes ? Le Garçon et le Héron
51%
Et comment se nomme la sorcière qui dirige les bains, dans ce même film ? Yubaba
46%
Bien que sorti avant la création du studio, ce film est habituellement inclus dans ses productions Nausicaä de la Vallée du Vent
38%
En quelle année le studio Ghibli a-t-il été fondé ? 1985
37%
Comment se nomme le personnage principal du film Princesse Mononoke ? Ashitaka
36%
De quelle espèce animale sont les personnages principaux dans Pompoko ? Tanuki
35%
Quel musicien composa les bandes originales de 10 films du studio ? Joe Hisaishi
33%
Comme se prénomme le petit garçon qui prend soin de Ponyo ? Sôsuke
29%
Dans ce même film, quelle "Dame" est à la tête du village des forges ? Dame Eboshi
28%
Quel est le vrai prénom de Porco Rosso ? Marco
23%
Qui sont les cofondateurs du studio Ghibli ? Isao Takahata
22%
Quelle ville subit les bombardements américains, dans Le Tombeau des lucioles ? Kobe
8%
Aucun quiz correspondant
Distribution des résultats
% des personnes avec chaque résultat
Percentile par nombre de réponses
Votre historique - résultats
Vous n’avez pas pris ce quiz